Child and adolescent therapy : cognitive-behavioral procedures

Bibliographic Details
Main Author: Kendall, Philip C. (Author)
Format: Book
Language:English
Published: New York : Guilford Press , c2012
Edition:4th ed
Subjects:

MARC

LEADER 00000cam a2200000 7i4500
001 0000079521
005 20130417093000.0
008 120704s2012 nyu eng
020 |a 1606235613 (hardcover : alk. paper) 
020 |a 9781606235614 (hardcover : alk. paper) 
050 0 0 |a RJ505.C63   |b C45 2012 
090 0 0 |a RJ505.C63   |b C45 2012 
245 0 0 |a Child and adolescent therapy :   |b cognitive-behavioral procedures   |c edited by Philip C Kendall 
246 3 0 |a Child & adolescent therapy 
250 |a 4th ed 
260 |a New York :   |b Guilford Press ,   |c c2012 
300 |a xiv, 538 p. :   |b ill. ;   |c 26 cm. 
504 |a Includes bibliographical references and index 
505 0 0 |a 1. Theory -- 2. Externalizing disorders -- 3. Internalizing disorders -- 4. Special populations -- 5. Perspectives -- 6. Special topics 
650 0 |a Adolescent psychotherapy 
650 0 |a Child psychotherapy 
650 0 |a Clinical child psychology 
650 0 |a Cognitive therapy for children 
650 0 |a Cognitive therapy for teenagers 
700 1 |a Kendall, Philip C. ,   |e author 
999 |a 1000149808   |b Book   |c OPEN SHELF (30 DAYS)   |e Gong Badak Campus